| 000 | 006790000a22002170004500 | ||
|---|---|---|---|
| 003 | LK-CoMWRAF | ||
| 005 | 20231030144924.0 | ||
| 008 | 230817t1999 ||||| |||| 00| 0 eng d | ||
| 020 | _a019565059X | ||
| 040 |
_aLK-CoMWRAF _dLK-CoMWRAF _eLK-CoMWRAF |
||
| 041 | _aeng | ||
| 082 |
_a320.082 _bWOM |
||
| 245 | _aWomen And Politics World Wide | ||
| 260 |
_aNew Delhi: _bOxfrod University Press, _c1999 |
||
| 300 |
_axiii, 818 p. : ill., 1 map ; 25 cm. _bIndex included |
||
| 650 | _aWOMEN- Political activity -- Cross-cultural studies | ||
| 650 | _a Women's rights -- Cross-cultural studies | ||
| 700 |
_aNelson, Barbara J. _eed. |
||
| 700 |
_a Chowdhury Najma _eed. |
||
| 942 | _cBK | ||
| 999 |
_c250 _d250 |
||